RC Lens - Les joueurs à plus de 100 matchs - Statistiques

Statistiques générales
  • Ce quiz a été pris 322 fois
  • Le résultat moyen est 5 sur 16
Statistiques - réponses
Joueurs Matchs % Correct
Jean Louis Leca 108
83%
Yohan Demont 332
47%
Benjamin Bourigeaud 114
46%
Wylan Cyprien 112
38%
Alaeddine Yahia 197
36%
Vedran Runje 146
36%
Pablo Chavarria 100
24%
Pierrick Valdivia 121
24%
Jerome Le Moigne 104
23%
Nenad Kovacevic 152
22%
Toifilou Maoulida 120
22%
Issam Jemaa 145
21%
Ludovic Baal 145
20%
Lalaina Nomenjanahary 133
19%
Jean Kévin Duverne 103
14%
Adil Hermach 100
12%
Aucun quiz correspondant
Distribution des résultats
% des personnes avec chaque résultat
Percentile par nombre de réponses
Votre historique - résultats
Vous n’avez pas pris ce quiz